000 00675nam a2200265Ia 4500
005 20260121165404.0
008 008 260114s9999 xx 000 0 eng d
020 _a9783319311937
037 _aEBOOK
040 _aCRL
040 _beng
040 _cCRL
041 _2eng
041 _aeng
084 _qCRL
100 _aTracy Hammond, Stephanie Valentine, Aaron Adler
_91051097
245 0 _aRevolutionizing Education with Digital Ink
260 _bSpringer
260 _bSpringer
260 _c2016
856 _uhttps://link.springer.com/openurl?genre=book&isbn=978-3-319-31193-7
942 _cEBOOK
999 _c1616822
_d1616822